Casación civil / (Registro nro. 12999)

Detalles MARC
000 -LIDER
fixed length control field 00886nam a22002537a 4500
003 - IDENTIFICACDOR DE NÚMERO DE CONTROL
control field DO-SdBNP
005 - DATE AND TIME OF LATEST TRANSACTION
control field 20171205090002.0
008 - ELEMENTOS DE LONGITUD FIJA
fixed length control field 171121b 1959|| |||| 00| 0 spa d
040 ## - FUENTE DE CATALOGACIÓN
Agencia que crea de manera original el registro BPMSU
Idioma de catalogación spa
Agencia que realiza la transcripción BPMSU
082 ## - NÚMERO DE CLASIFICACIÓN DECIMAL DE DEWEY
Classification number xxxxxx
Item number xxxxxx
100 1# - ASIENTO PRINCIPAL -- NOMBRE PERSONAL
Nombre personal Calamandrei, Piero
245 1# - MENCIÓN DE TITULO
Título Casación civil /
Mención de responsabilidad Piero Calamandrei ; traducción Santiago Sentís Melendo, Marino Ayerra Redín
260 ## - PUBLICACIÓN, DISTRIBUCIÓN, ETC. (PIE DE IMPRENTA)
Lugar de publicación, distribución, etc Buenos Aires :
Nombre del editor, distribuidor, etc. Ediciones Jurídicas Europa-América,
Fecha de publicación, distribución, etc 1959.
300 ## - DESCRIPCIÓN FÍSICA
Extensión 258 p. ;
Dimensiones 15 cm.
490 1# - MENCIÓN DE SERIES
Mención de serie Breviarios de dercho
Volume/sequential designation 27
500 ## - NOTA GENERAL
Nota general Incluye índices
500 ## - NOTA GENERAL
Nota general Incluye referencias bibliográficas y notas al pie de las páginas
700 1# - ASIENTO SECUNDARIO -- NOMBRE PERSONAL
Nombre personal Sentís Melendo, Santiago,
Mención de responsabilidad tr.
700 1# - ASIENTO SECUNDARIO -- NOMBRE PERSONAL
Nombre personal Ayerra Redín, Marino,
Mención de responsabilidad tr.
830 #0 - ASIENTO SECUNDARIO DE SERIE--TÍTULO UNIFORME
Título uniforme Breviarios de derecho
Número de la parte o sección de una obra 27
942 ## - ADDED ENTRY ELEMENTS (KOHA)
Source of classification or shelving scheme Dewey Decimal Classification
Koha item type Libros
945 ## - INFORMACIÓN DE PROCESAMIENTO LOCAL
Información de procesamiento local Inventariado extranjero / 2017 VM
956 ## - LOCAL ELECTRONIC LOCATION AND ACCESS (OCLC)
Nombre de host BTAVAREZ
Número de acceso 10
Información de compresión 20171121
Trayectoria 0038
Existencias
Withdrawn status Lost status Source of classification or shelving scheme Damaged status Not for loan Collection code Home library Current library Date acquired Source of acquisition Total Checkouts Full call number Barcode Date last seen Price effective from Koha item type
    Dewey Decimal Classification     Colección General Biblioteca Pública Metropolitana Salomé Ureña Biblioteca Pública Metropolitana Salomé Ureña 11/21/2017 Francisco E. Beras   xxxxxx xxxxxx BPMSU17110314 11/21/2017 11/21/2017 Libros